Characteristics and production costs of U.S. corn farms, including organic, 2010 /

Bibliographic Details
Main Author: Foreman, Linda (Author)
Format: Government Document eBook
Language:English
Published: [Washington, D.C.] : United States Department of Agriculture, Economic Research Service, [2014]
Series:Economic information bulletin ; no. 128.
Subjects:
Online Access:https://purl.fdlp.gov/GPO/gpo52440
http://purl.fdlp.gov/GPO/gpo52440

MARC

Tag First Indicator Second Indicator Subfields
LEADER 00000cam a2200000 i 4500
001 in00003522413
005 20210430151557.0
006 m o d f
007 cr c|||||a||||
008 141001s2014 dcua ob f000 0 eng c
035 |a (OCoLC)ocn891765748 
042 |a pcc 
043 |a n-us--- 
040 |a GPO  |b eng  |e rda  |e pn  |c GPO  |d OCLCA  |d DIBIB  |d GPO  |d MvI 
049 |a WWW 
074 |a 0042-X (online) 
086 0 |a A 93.73/2:128 
100 1 |a Foreman, Linda,  |e author. 
245 1 0 |a Characteristics and production costs of U.S. corn farms, including organic, 2010 /  |c Linda Foreman. 
246 1 |a Characteristics and production costs of United States corn farms, including organic, 2010 
264 1 |a [Washington, D.C.] :  |b United States Department of Agriculture, Economic Research Service,  |c [2014] 
300 |a 1 online resource (iv unnumbered pages, 37 pages) :  |b color illustrations. 
336 |a text  |2 rdacontent 
337 |a computer  |2 rdamedia 
338 |a online resource  |2 rdacarrier 
490 1 |a Economic information bulletin ;  |v number 128 
500 |a Title from title screen (viewed October 1, 2014). 
500 |a "September 2014." 
500 |a Accompanied by summary report. 
504 |a Includes bibliographical references (pages 33-34). 
650 0 |a Corn industry  |z United States. 
650 0 |a Corn industry  |z United States  |x Costs. 
650 0 |a Corn  |x Yields  |z United States. 
650 0 |a Corn  |x Organic farming  |z United States. 
650 0 |a Corn  |x Organic farming  |z United States  |x Costs. 
710 1 |a United States.  |b Department of Agriculture.  |b Economic Research Service,  |e issuing body. 
776 0 8 |i Print version:  |a Foreman, Linda.  |t Characteristics and production costs of U.S. corn farms, including organic, 2010  |w (OCoLC)892803582 
830 0 |a Economic information bulletin ;  |v no. 128. 
856 4 0 |u https://purl.fdlp.gov/GPO/gpo52440  |t 0 
856 4 0 |u http://purl.fdlp.gov/GPO/gpo52440  |t 0 
999 f f |s c164f3b1-d82b-3a3f-8a3e-9284782e8422  |i 22cd6aed-c691-3d21-8e4e-c0bcae6df2ec  |t 0 
952 f f |a Texas A&M University  |b College Station  |c Electronic Resources  |d Available Online  |t 0  |e A 93.73/2:128  |h Superintendent of Documents classification 
998 f f |a A 93.73/2:128  |t 0  |l Available Online